000 00334 a2200157 4500
001 70948
020 _a8598751022
040 _cAnchieta - Itaigara
100 _aRobatto, Waldo
240 1 0 _aWaldo Robatto em telas
_lpor
245 1 0 _aWaldo Robatto em telas
300 _a158
362 0 _a2004
650 4 _aPintura
942 _cBK
999 _c70948
_d70948